Kraje z najniższym PKB na głowę w Europie w 2021r. - Statystyki

Ogólne statystyki
  • Ten quiz został rozwiązany 48 razy
  • Średni wynik to 8 z 10
Statystyki odpowiedzi
PKB n. g. Państwo % Poprawnych
4 828 USD Ukraina
95%
5 285 USD Mołdawia
93%
7 295 USD Białoruś
91%
5 031 USD Kosowo
91%
6 714 USD Macedonia Północna
91%
9 178 USD Serbia
88%
9 350 USD Czarnogóra
86%
6 375 USD Albania
81%
6 440 USD Bośnia i Hercegowina
81%
9 528 USD Turcja
47%
Nie znaleziono quizów pasujących do podanych kryteriów
Rozkład punktacji
Procent ludzi z każdym wynikiem
Percentyl według liczby udzielonych odpowiedzi
Twoja historia wyników
Nie rozwiązałeś tego quizu